000 00327nam a22001337a 4500
005 20160323083046.0
008 121114s2013 nyua b 001 0 eng
020 _a9780071795708
020 _a0071795707
041 0 _aeng
080 _a004
245 1 0 _aNetwork security :
_cEric Maiwald.
942 _2udc
_cBK
999 _c694
_d694